00249nam a2200097Ia 4500008004100000041000800041100002200049245003000071260004200101300000800143231107s2010 xx 000 0 und d aeng aMira Eva Pascuali aArchitectural ModelMaking aSingaporebBasheer Graphic Bookc2010 a160